[Event "Panama City Criollo op"]
[Site "Panama City"]
[Date "2024.11.03"]
[Round "3"]
[White "Gonzalez Soto, Pedro Jose"]
[Black "Miranda Samudio, Adrian Jafeth"]
[Result "1-0"]
[WhiteElo "1944"]
[BlackElo "2001"]
[PlyCount "67"]
[EventDate "2024.11.02"]
[EventType "swiss"]
[EventRounds "6"]
[EventCountry "PAN"]
[SourceTitle "CB45_2024"]
[Source "ChessBase"]
[SourceDate "2024.11.06"]
[SourceVersion "1"]
[SourceVersionDate "2024.11.06"]
[SourceQuality "1"]

1. e4 c5 2. Nf3 Nc6 3. b4 Nxb4 4. c3 Nc6 5. d4 cxd4 6. cxd4 e6 7. Nc3 Bb4 8. Bd2 d5 9. e5 Nge7 10. Bd3 Ng6 11. h4 Qa5 12. Rc1 Nf4 13. Bxf4 Bxc3+ 14. Kf1 Bd7 15. Qb3 Bb4 16. Kg1 h6 17. h5 Qa3 18. Qb1 a6 19. Rh3 0-0-0 20. Bf1 Qa4 21. Nd2 Kb8 22. Rb3 b5 23. Rxc6 Bxc6 24. Rxb4 Qa3 25. Nf3 Ka7 26. Bc1 Qa5 27. Bd2 Qa3 28. Rb3 Qe7 29. Bb4 Qd7 30. Bc5+ Ka8 31. Bd6 Qa7 32. a4 Rxd6 33. exd6 f6 34. axb5 1-0

[Event "Panama City Criollo op"]
[Site "Panama City"]
[Date "2024.11.03"]
[Round "2"]
[White "Miranda Samudio, Adrian Jafeth"]
[Black "Rozenblat, Zachary"]
[Result "1-0"]
[WhiteElo "2001"]
[BlackElo "1839"]
[PlyCount "61"]
[EventDate "2024.11.02"]
[EventType "swiss"]
[EventRounds "6"]
[EventCountry "PAN"]
[SourceTitle "CB45_2024"]
[Source "ChessBase"]
[SourceDate "2024.11.06"]
[SourceVersion "1"]
[SourceVersionDate "2024.11.06"]
[SourceQuality "1"]

1. e4 e5 2. Nf3 Nc6 3. Bc4 Nf6 4. d3 h6 5. c3 d6 6. b4 Be6 7. Bxe6 fxe6 8. Qb3 Qd7 9. Nbd2 g5 10. h3 Bg7 11. a4 a6 12. Ba3 b5 13. Bb2 0-0 14. c4 bxc4 15. Nxc4 Qf7 16. Rc1 Ne7 17. Ncxe5 dxe5 18. Nxe5 Qe8 19. Qxe6+ Kh7 20. Rxc7 Nfg8 21. h4 Rf6 22. Qg4 Rf4 23. Qe6 Rf6 24. Qc4 g4 25. Nxg4 Rg6 26. Bxg7 Rxg7 27. e5 Rf7 28. 0-0 Qf8 29. Nf6+ Nxf6 30. exf6 Rxf6 31. Qe4+ 1-0